000 00548nam a2200217 454500
001 055504
003 BD-ChCU
008 Eng
020 _a0534533256
040 _aDLC
_cDLC
_dBD-ChCU
082 0 0 _a300.72/A313h
100 1 _aAdler, Emily Stier
_bClark, Roger
245 1 0 _aHow its done :
_bAn invitation to social research
250 _ax
260 _aBoston
_bWadsworth pub
_c1999
300 _aix, 530
504 _aIncludes
650 0 _aSocial science-Research
_bSocial science-Methodology
700 1 _ax
942 _2ddc
_cBK
999 _c55504
_d55504